000 00565cam a22002053a 4500
001 44971
003 PGUSA
005 20140828084028.0
008 140220s2014||||xxu|||||s|||||000 | eng d
040 _aPGUSA
_beng
042 _adc
100 1 _aHaffter, Elias
245 1 0 _aBriefe aus dem hohen Norden
_h[electronic resource] /
_cElias Haffter
260 _bProject Gutenberg,
_c2014
506 _aPublic domain in the USA.
516 _aElectronic text
830 0 _aProject Gutenberg
_v44971
856 4 0 _uhttp://www.gutenberg.org/ebooks/44971
942 _cEB
999 _c274222
_d274222